Las leyes

Uloženo v:
Podrobná bibliografie
Hlavní autor: Platón (Autor)
Médium: Kniha
Jazyk:španělština
řečtina
Vydáno: Madrid Centro de Estudios Constitucionales 1983
Edice:Clásicos Políticos
Témata:
Tagy: Přidat tag
Žádné tagy, Buďte první, kdo vytvoří štítek k tomuto záznamu!

MARC

LEADER 00000nam a2200000 a 4500
001 UCZ1998
003 CL-VaPUC
008 950925e19830000SP |||||||||||||||||spa|d
041 0 7 |a spa  |2 CL-VaPUC 
041 0 7 |a gre  |2 CL-VaPUC 
082 0 4 |a 184  |b PLA  |2 21 
100 0 |a Platón  |e author  |9 222 
245 1 4 |a Las leyes 
300 |a 2 v 
942 |c BK 
945 |d 19950925 00:00:00  |a rbrito 
260 |a Madrid  |b Centro de Estudios Constitucionales  |c 1983 
650 7 |a DERECHO  |2 CL-VaPUC  |9 345688 
650 7 |a LEGISLACION  |2 CL-VaPUC  |9 345689 
650 0 |a Filosofía griega  |9 265579 
583 |a last modification  |c 19950925 00:00:00  |k Rodrigo Vera 
490 0 |a Clásicos Políticos 
999 |c 238663  |d 238661 
952 |0 0  |1 0  |4 0  |6 184_000000000000000_PLA_1983  |7 0  |8 DER_TF  |9 249020  |a BIBDER  |b BIBDER  |d 2019-11-18  |h v.1  |i 3134814  |o 184 PLA 1983  |p 3134814  |r 2023-01-25  |w 2019-11-18  |x Ubicación 4to Piso  |y BK  |z Estos recursos deben solicitarse con anticipación  |k DER 
952 |0 0  |1 0  |4 0  |6 184_000000000000000_PLA_1983  |7 0  |8 DER_TF  |9 249021  |a BIBDER  |b BIBDER  |d 2019-11-18  |h v.2  |i 3134822  |o 184 PLA 1983  |p 3134822  |r 2023-01-25  |w 2019-11-18  |x Ubicación 4to Piso  |y BK  |z Estos recursos deben solicitarse con anticipación  |k DER